000 01399nac a22003611u 4500
003 EG-ScBUE
005 20220123111827.0
008 200219s2006 enka f b 001 0deng d
020 _a9780521674690 (pbk.)
020 _a0521674697 (pbk.)
035 _a(OCoLC)ocm71778144
035 _a(OCoLC)71778144
040 _aEG-ScBUE
_beng
_erda
_cEG-ScBUE
_dEG-ScBUE
082 0 4 _a823.7
_bTOD
_222
100 1 _aTodd, Janet,‏
_d1942-
_eauthor.
245 1 4 _aThe Cambridge introduction to Jane Austen /
_cJanet Todd.
264 1 _aCambridge :
_bCambridge University Press,
_c2006.
300 _axi, 152 pages :
_billustrations ;
_c23 cm
336 _2rdacontent
_atext
_btxt
337 _2rdamedia
_aunmediated
_bn
338 _2rdacarrier
_avolume
_bnc
500 _adistributed by: Al-Ahram
504 _aIncludes bibliographic references and index.
600 1 7 _aAusten, Jane,
_d1775-1817,
_xCriticism and interpretation.
_2BUEsh
650 _2BUEsh
651 _2BUEsh
653 _bHHUUEENN
_cJanuary2021
655 _vReading book
_934232
856 4 2 _3Publisher description
_uhttp://www.loc.gov/catdir/enhancements/fy0703/2006299529-d.html
856 4 2 _3Table of contents only
_uhttp://www.loc.gov/catdir/enhancements/fy0703/2006299529-t.html
856 4 2 _3Contributor biographical information
_uhttp://www.loc.gov/catdir/enhancements/fy0733/2006299529-b.html
942 _cBB
_2ddc
999 _c7116
_d7116